Κυρτή ανάλυση και η γεωμετρία του Rn : το θεώρημα Dvoretzky : πτυχιακή εργασία

Στην εργασία αυτή παρουσιάζονται μερικά αποτελέσματα της Γεωμετρίας χώρων Banach και του όγκου των κυρτών σωμάτων καταλήγοντας στο Θεώρημα Dvoretzky για τις σχεδόν ευκλείδειες τομές των κυρτών σωμάτων....

Πλήρης περιγραφή

Αποθηκεύτηκε σε:
Λεπτομέρειες βιβλιογραφικής εγγραφής
Κύριος συγγραφέας: Λάλας, Γεώργιος
Συγγραφή απο Οργανισμό/Αρχή: Πανεπιστήμιο Αιγαίου. Σχολή Θετικών Επιστημών. Τμήμα Στατιστικής και Αναλογιστικών-Χρηματοοικονομικών Μαθηματικών
Μορφή: Thesis Βιβλίο
Γλώσσα:Greek
Δημοσίευση: 2011.
Θέματα:
Διαθέσιμο Online:http://hdl.handle.net/11610/8133
Ετικέτες: Προσθήκη ετικέτας
Δεν υπάρχουν, Καταχωρήστε ετικέτα πρώτοι!

MARC

LEADER 00000cam a2200000 i 4500
001 1/13984
008 110628s2011 gr | ||| |||| ||gre||
035 |l 10110404 
040 |a GR-MyUA  |b gre  |e AACR2 
041 0 |a gre 
082 0 |a 515.732   |2 (22) 
100 1 |a Λάλας, Γεώργιος. 
245 1 0 |a Κυρτή ανάλυση και η γεωμετρία του Rn :   |b το θεώρημα Dvoretzky : πτυχιακή εργασία /   |c Γιώργος Λάλας ; επιβλέπων καθηγητής Αντώνιος Τσολομύτης.  
260 |c 2011.  
300 |a ix, 50 σ. ;   |c 30 εκ.  
500 |a Μέλη της εξεταστικής επιτροπής: Τσολομύτης Αντώνιος, Ταχτσής Ελευθέριος, Καβαλλάρης Νικόλαος.  
502 |a Πτυχιακή εργασία – Πανεπιστήμιο Αιγαίου, Σάμος, 2011. 
504 |a Βιβλιογραφία: σ. [49]-50.  
506 0 |a Διάθεση πλήρους κειμένου - Ελεύθερη πρόσβαση.  
520 |a Στην εργασία αυτή παρουσιάζονται μερικά αποτελέσματα της Γεωμετρίας χώρων Banach και του όγκου των κυρτών σωμάτων καταλήγοντας στο Θεώρημα Dvoretzky για τις σχεδόν ευκλείδειες τομές των κυρτών σωμάτων. 
540 |a Κλειδωμένη η δυνατότητα αντιγραφής (copy) του κειμένου.  
610 2 0 |a University of the Aegean  |x Dissertations. 
650 0 0 |a Banach spaces. 
650 0 0 |a Dissertations, Academic  |z Greece. 
700 1 |a Τσολομύτης, Αντώνης,  |e dgs 
710 2 |a Πανεπιστήμιο Αιγαίου.   |b Σχολή Θετικών Επιστημών.   |b Τμήμα Στατιστικής και Αναλογιστικών-Χρηματοοικονομικών Μαθηματικών. 
852 |a INST  |b SAMOS  |c DIATR  |e 20110628  |h 515.732 ΛΑΛ  |p 005300032617  |q 005300032617  |t DIE  |y 23 
852 |a INST  |b SAMOS  |c DIATR  |e 20110628  |h 515.732 ΛΑΛ  |p 005300032618  |q 005300032618  |t DIE  |y 23 
856 |u http://hdl.handle.net/11610/8133 
901 |a BIBL3-2011-2 
909 |a Σ  |b 167247 
909 |a Σ  |b 167248 
924 |a ΛΑΛΑΣ  |b ΓΙΩΡΓΟΣ  |y Σάμος  |z 2011-06 
970 |a ΚΟΣΙΕΡΗΣ  |b ΧΡΗΣΤΟΣ  |z 2011/06/28